000 04630cam a22005177a 4500
005 20090121145028.0
008 040928s2004 dcuab j b 001 0 eng d
010 _aB-330229-243
020 _a9788179912973
_c55.00
035 _aB-358506
037 _bPublisher
040 _adpl
_bEnglish
082 _a577.44
100 _aFinton, Nancy
245 _aEcosystems /
_cby Nancy Finton
260 _aMumbai
_bPopular Prakashan
_cc2004.
300 _a32p.
_bcol. ill., col. map
_c23cm. (pbk)
440 _aLife science
500 _aOriginally published by National Geographic under the reading expeditions series
504 _aIncludes bibliographical references (p. 30) and index.
520 _aStudies prairies and savannas as examples of grassland ecosystems.
650 _aGrassland ecology
_vJuvenile literature.
650 _aPrairie ecology
_vJuvenile literature.
650 _aBiotic communities
_vJuvenile literature.
710 _aNational Geographic Society (U.S.)
942 _2ddc
_cCH
_h577.44
_mFIN
999 _c22000
_d22000